000 00544nam a2200205 4500
999 _c3074
_d3074
003 OSt
005 20210330124955.0
008 160225b xxu||||| |||| 00| 0 eng d
020 _a1855214725
040 _c040a
082 _a300 M85 1971
100 _aMoser, Sir Claus; Kalton, Graham
_96828
245 _aSurvey Methods in Social Investigation
250 _a2nd.ed
260 _aAldershot;
_bAshgate,
_c1971
300 _axvii, 555p;
_bill :
_c8 cm.
504 _aincludes index
650 _aResearch Methods
_92296
942 _2ddc
_cSLOAN